书目信息 |
| 题名: |
过程控制与集散系统实验教程
|
|
| 作者: | 潘炼 , 方康玲 , 吴怀宇 主编 | |
| 分册: | ||
| 出版信息: | 武汉 华中科技大学出版社 2008.03 |
|
| 页数: | 139页 | |
| 开本: | 23cm | |
| 丛书名: | 21世纪电气信息学科立化系列教材 | |
| 单 册: | ||
| 中图分类: | TP273 | |
| 科图分类: | ||
| 主题词: | 过程控制--guo cheng kong zhi--高等学校--教材 , 集散系统--ji san xi tong--实验--高等学校--教材 | |
| 电子资源: | ||
| ISBN: | 978-7-5609-4454-8 | |
| 000 | 01280nam 2200313 450 | |
| 001 | 012008941658 | |
| 005 | 20080803151619.23 | |
| 010 | @a978-7-5609-4454-8@dCNY16.80 | |
| 100 | @a20080803d2008 em y0chiy0120 ea | |
| 101 | 0 | @achi |
| 102 | @aCN@b420000 | |
| 105 | @aak a 000yy | |
| 106 | @ar | |
| 200 | 1 | @a过程控制与集散系统实验教程@Aguo cheng kong zhi yu ji san xi tong shi yan jiao cheng@f潘炼, 方康玲, 吴怀宇主编@Fpan lian,fang kang ling,wu huai yu zhu bian |
| 210 | @a武汉@c华中科技大学出版社@d2008.03 | |
| 215 | @a139页@c图@d23cm | |
| 225 | 2 | @a21世纪电气信息学科立化系列教材@A21 shi ji dian qi xin xi xue ke li hua xi lie jiao cai |
| 300 | @a国家精品课程“过程控制与集散系统”配套实验教材 电工电子实验教学规划示范教材 | |
| 320 | @a有书目 | |
| 330 | @a本书主要内容为系统组成介绍,系统认知实验,系统基本测试试验,冶金工业对象性测量研究,单回路系统实验,复杂系统实验等。 | |
| 410 | 0 | @12001 @a21世纪电气信息学科立化系列教材 |
| 606 | 0 | @a过程控制@Aguo cheng kong zhi@x高等学校@j教材 |
| 606 | 0 | @a集散系统@Aji san xi tong@x实验@x高等学校@j教材 |
| 690 | @aTP273@v4 | |
| 701 | 0 | @a潘炼@Apan lian@4主编 |
| 701 | 0 | @a方康玲@Afang kang ling@4主编 |
| 701 | 0 | @a吴怀宇@Awu huai yu@4主编 |
| 801 | 0 | @aCN@bQSSK@c20080803 |
| 905 | @b731647-49@dTP273@eP165@f3 | |
| 过程控制与集散系统实验教程/潘炼, 方康玲, 吴怀宇主编.-武汉:华中科技大学出版社,2008.03 |
| 139页:图;23cm.-(21世纪电气信息学科立化系列教材) |
| 国家精品课程“过程控制与集散系统”配套实验教材 电工电子实验教学规划示范教材 |
| ISBN 978-7-5609-4454-8:CNY16.80 |
| 本书主要内容为系统组成介绍,系统认知实验,系统基本测试试验,冶金工业对象性测量研究,单回路系统实验,复杂系统实验等。 |
| ● |
| 相关链接 |
|
|
|
正题名:过程控制与集散系统实验教程
索取号:TP273/P165
 
预约/预借
| 序号 | 登录号 | 条形码 | 馆藏地/架位号 | 状态 | 备注 |
| 1 | 731647 | 207316475 | 自科二线404/404自科库 11排1列1层/ [索取号:TP273/P165] | 在馆 | |
| 2 | 731648 | 207316484 | 自科库301/301自科库 71排1列3层/ [索取号:TP273/P165] | 在馆 | |
| 3 | 731649 | 207316493 | 自科库301/301自科库 71排1列3层/ [索取号:TP273/P165] | 在馆 |